000 00691nam a2200253Ia 4500
003 OSt
005 20221006143310.0
006 a|||||r|||| 00| 0
007 ta
008 221006b |||||||| |||| 00| 0 eng d
024 _a8,578
037 _cTextual
040 _aEASL
_cEASL
_beng
041 _2eng
_aeng
082 _aX8(A).42.N7, L6
100 _aMARSH Robert M
245 0 _aModernization and the Japanese factory
260 _aPrinceton
_bPrinceton University Press
_c1976
300 _a436p.
_ccm.
490 _v JEL
700 _a MANNARI Hiroshi
942 _hX8(A).42.N7, L6
_cTEXL
_2CC
999 _c1076664
_d1076664